Economic development of north east india (Record no. 9727)

MARC details
000 -LEADER
fixed length control field 00517cam a2200205ua 4500
001 - CONTROL NUMBER
control field 10775
005 - DATE AND TIME OF LATEST TRANSACTION
control field 20260515114647.0
008 - FIXED-LENGTH DATA ELEMENTS--GENERAL INFORMATION
fixed length control field 190403n ii |||gr||||Z||||||eng
020 ## - INTERNATIONAL STANDARD BOOK NUMBER
International Standard Book Number 9789382135333
040 ## - CATALOGING SOURCE
Transcribing agency MAIN
082 ## - DEWEY DECIMAL CLASSIFICATION NUMBER
Classification number 338.95416
245 ## - TITLE STATEMENT
Title Economic development of north east india
Statement of responsibility, etc. By R Kumar and S Ram
250 ## - EDITION STATEMENT
Edition statement 1st ed.
260 ## - PUBLICATION, DISTRIBUTION, ETC.
Place of publication, distribution, etc. Delhi:
Name of publisher, distributor, etc. Arpan publications,
Date of publication, distribution, etc. 2013.
300 ## - PHYSICAL DESCRIPTION
Extent 375p.
653 ## - INDEX TERM--UNCONTROLLED
Uncontrolled term Production
700 ## - ADDED ENTRY--PERSONAL NAME
Personal name R Kumar,
Relator term Author.,
700 ## - ADDED ENTRY--PERSONAL NAME
Personal name S Ram,
Relator term Author.
942 ## - ADDED ENTRY ELEMENTS (KOHA)
Koha item type Books
Holdings
Withdrawn status Lost status Damaged status Not for loan Home library Current library Shelving location Date acquired Total checkouts Full call number Barcode Date last seen Date last checked out Copy number Price effective from Koha item type
        Naharkatiya College Library Naharkatiya College Library General stacks 09/19/2020 1 338.95416Development economics | KUM 25172 03/20/2025 03/04/2025 1 09/19/2020 Books